000 00834nam a2200241Ia 4500
003 GCL
008 140319s9999 xx 000 0 ara d
020 _a?995040977
040 _aGCL /
_cGCL
082 0 4 _a020
_bع م
100 1 _aعايدة ابراهيم نصير
245 1 0 _aالمكتبات والمعلومات :
_bدراسات مختارة /
_cعايدة ابراهيم نصير
250 _aالاولى
260 _aالقاهرة :
_bالعربى للنشر والتوزيع ،
_c1999
300 _a189 ص ؛
_c25 سم
490 _aدراسات فى الكتب والمعلومات
_v0
650 0 4 _aالمعلومات
650 0 4 _aالمكتبات العامة
650 0 4 _aالمكتبات
650 0 4 _aالمكتبات - مطبوعات
650 0 4 _aالمكتبات - موظفون
942 _2ddc
_cBK
999 _c4906
_d4906